000 00289nam a22001337a 4500
008 170921b xxu||||| |||| 00| 0 eng d
020 _a9780767419994
041 _aeng
080 _24TH
_a78
100 _a45
101 _aMUZ
245 _aJUMP INTO JAZZ
_cKRAINES,M.G
942 _2udc
_cBK
999 _c28885
_d28885